Analysis of the Tunisian arbitation code (Record no. 72277)
[ view plain ]
| 000 -LEADER | |
|---|---|
| fixed length control field | 00928cam a2200229 4500 |
| 001 - CONTROL NUMBER | |
| control field | X121587 |
| 008 - FIXED-LENGTH DATA ELEMENTS--GENERAL INFORMATION | |
| fixed length control field | 030311n2003 000 0 eng u |
| 035 ## - SYSTEM CONTROL NUMBER | |
| System control number | (Sirsi) u121587 |
| 100 ## - MAIN ENTRY--PERSONAL NAME | |
| Personal name | El Behi, A. |
| 245 ## - TITLE STATEMENT | |
| Title | Analysis of the Tunisian arbitation code |
| 260 ## - PUBLICATION, DISTRIBUTION, ETC. | |
| Date of publication, distribution, etc. | 2003 |
| 490 ## - SERIES STATEMENT | |
| Series statement | International Business Lawyer |
| Volume/sequential designation | 31(2) February 2003, 25-29(3) |
| 520 ## - SUMMARY, ETC. | |
| Summary, etc. | Discusses the Tunisian Arbitration Code and gives an overview of how the Tunisian legislator set up the arbitration rules via the (1) arbitration convention, (2) the constitution of the arbitral tribunal, (3) the arbitral proceedings and (4) recourse against the award. Tunisia is currently in the process of amending the code. |
| 590 ## - LOCAL NOTE (RLIN) | |
| Local note | ABS |
| 650 ## - SUBJECT ADDED ENTRY--TOPICAL TERM | |
| Topical term or geographic name entry element | TUNISIA |
| 650 ## - SUBJECT ADDED ENTRY--TOPICAL TERM | |
| Topical term or geographic name entry element | ARBITRATION LAW |
| 650 ## - SUBJECT ADDED ENTRY--TOPICAL TERM | |
| Topical term or geographic name entry element | ARBITRATION PROCEDURES |
| 650 ## - SUBJECT ADDED ENTRY--TOPICAL TERM | |
| Topical term or geographic name entry element | TRIBUNALS |
| 650 ## - SUBJECT ADDED ENTRY--TOPICAL TERM | |
| Topical term or geographic name entry element | DISPUTE RESOLUTION |
| 9 (RLIN) | 6236 |
| 690 ## - LOCAL SUBJECT ADDED ENTRY--TOPICAL TERM (OCLC, RLIN) | |
| Topical term or geographic name as entry element | Dispute resolution |
| 9 (RLIN) | 6236 |
| 942 ## - ADDED ENTRY ELEMENTS (KOHA) | |
| Suppress in OPAC | 0 |
| Withdrawn status | Lost status | Source of classification or shelving scheme | Damaged status | Not for loan | Home library | Current library | Shelving location | Date acquired | Total Checkouts | Full call number | Barcode | Date last seen | Copy number | Price effective from | Koha item type |
|---|---|---|---|---|---|---|---|---|---|---|---|---|---|---|---|
| Dewey Decimal Classification | London | London | Journal article | 11/03/2003 | X121587 | 121587-1001 | 06/08/2019 | 1 | 06/08/2019 | Journal article |